Trasa Warszawskiej linii autobusowej 511 - Statystyki

Ogólne statystyki
  • Ten quiz został rozwiązany 20 razy
    9 od ostatniego zresetowania
  • Średni wynik to 7 z 9
Statystyki odpowiedzi
Dzielnica Przystanek % Poprawnych
Białołęka Białołęka-Ratusz
86%
Bielany Metro Młociny
86%
Bielany Metro Młociny
86%
Białołęka Dąbrówka Wiślana
71%
Białołęka Klasyków
71%
Białołęka Obrazkowa
71%
Białołęka Poetów
71%
Białołęka Winnica
71%
Białołęka Henryków
57%
Nie znaleziono quizów pasujących do podanych kryteriów
Rozkład punktacji
Procent ludzi z każdym wynikiem
Percentyl według liczby udzielonych odpowiedzi
Twoja historia wyników
Nie rozwiązałeś tego quizu od ostatniego zresetowania